Southville International School and Colleges
Your cart is empty.
  • Cart
  • Lists
    Public lists Eva Luna New books Lux_list list_1
    Your lists Log in to create your own lists
  • Log in to your account
  • Your cookies
  • Search history
Southville International School and Colleges
  • Advanced search
  • Recent comments
  • Most popular
  • Libraries

Log in to your account

Log in with GOOGLE


If you do not have an external account, but do have a local account, you can still log in:

  1. Home
  2. MARC view: Aunt Flossie's hats (and crab cakes later) /
Normal view MARC view ISBD view

Aunt Flossie's hats (and crab cakes later) / (Record no. 33436)

[ view plain ]
MARC details
000 -LEADER
fixed length control field 00726nam a22002297a 4500
003 - CONTROL NUMBER IDENTIFIER
control field OSt
005 - DATE AND TIME OF LATEST TRANSACTION
control field 20140310184259.0
008 - FIXED-LENGTH DATA ELEMENTS--GENERAL INFORMATION
fixed length control field 131002t xxu||||| |||| 00| 0 eng d
020 ## - INTERNATIONAL STANDARD BOOK NUMBER
International Standard Book Number 0395546826
050 ## - LIBRARY OF CONGRESS CALL NUMBER
Classification number PZ7
Item number .H83273Au 1991
100 ## - MAIN ENTRY--PERSONAL NAME
Personal name Howard, Elizabeth Fitzgerald.
9 (RLIN) 22971
245 ## - TITLE STATEMENT
Title Aunt Flossie's hats (and crab cakes later) /
Statement of responsibility, etc Elizabeth Fitzgerald Howard; paintings by James Ransome
260 ## - PUBLICATION, DISTRIBUTION, ETC. (IMPRINT)
Place of publication, distribution, etc Boston, MA :
Name of publisher, distributor, etc Houghton Mifflin Company,
Date of publication, distribution, etc c1991.
300 ## - PHYSICAL DESCRIPTION
Extent 31 p. :
Other physical details ill.; col. ;
Dimensions 30 cm.
521 ## - TARGET AUDIENCE NOTE
Target audience note
526 ## - STUDY PROGRAM INFORMATION NOTE
Reading level 400
650 ## - SUBJECT ADDED ENTRY--TOPICAL TERM
Topical term or geographic name as entry element Hats
General subdivision Fiction.
9 (RLIN) 22972
650 ## - SUBJECT ADDED ENTRY--TOPICAL TERM
Topical term or geographic name as entry element Great-aunts
General subdivision Fiction.
9 (RLIN) 22973
650 ## - SUBJECT ADDED ENTRY--TOPICAL TERM
Topical term or geographic name as entry element Baltimore (Md.)
General subdivision Fiction.
9 (RLIN) 22974
942 ## - ADDED ENTRY ELEMENTS (KOHA)
Source of classification or shelving scheme Library of Congress Classification
Koha item type
Holdings
Withdrawn status Lost status Source of classification or shelving scheme Damaged status Home library Current library Shelving location Date acquired Total Checkouts Full call number Barcode Date last seen Copy number Price effective from Koha item type
    Library of Congress Classification   Luxembourg Library Luxembourg Library Scholastic Reading Center Section 10/02/2013   PZ 7 .H83273Au 1991 LEX0162 04/18/2017 1 10/02/2013 Books

Aunt Flossie's hats (and crab cakes later) /

APA

Howard E. F., . (1991). Aunt Flossie's hats (and crab cakes later). Boston, MA: Houghton Mifflin Company.

Chicago

Howard Elizabeth Fitzgerald, . 1991. Aunt Flossie's hats (and crab cakes later). Boston, MA: Houghton Mifflin Company.

Harvard

Howard E. F., . (1991). Aunt Flossie's hats (and crab cakes later). Boston, MA: Houghton Mifflin Company.

MLA

Howard Elizabeth Fitzgerald, . Aunt Flossie's hats (and crab cakes later). Boston, MA: Houghton Mifflin Company. 1991.

  • Place hold
  • Print
  • Cite
  • Add to your cart (remove)
  • Save record
    BIBTEX Dublin Core MARCXML MARC (non-Unicode/MARC-8) MARC (Unicode/UTF-8) MARC (Unicode/UTF-8, Standard) MODS (XML) RIS
  • More searches
    Search for this title in:
    Other Libraries (WorldCat) Other Databases (Google Scholar) Online Stores (Bookfinder.com) Open Library (openlibrary.org)

Exporting to Dublin Core...

SOUTHVILLE LIBRARY

Southville International School and Colleges Library

1281 Tropical Ave. Cor. Luxembourg St., BF Homes International, Las Pinas City

Tel. No. 8256374 / 252358 Loc. 117/146

Powered by Koha